000 01038nam a22003137a 4500
001 BR0104998
003 BR-BrBNA
005 20230928100955.0
007 ta
008 230509b bl.||||| |||| 00| 0 por d
040 _aBR-BrBNA
_bpor
_cBiblioteca Nacional de Agricultura
041 _a(Por)
072 _aK10; F61
_b3240
090 _ 3240 BR0104998
100 1 _aKolm, L.
110 1 _aEscola Superior de Agricultura Luiz de Queiroz, Piracicaba, SP (Brasil)
_0Tese (Mestre em Ciencias)
245 1 _aCiclagem de nutrientes e variacoes do microclima em plantacoes de Eucalyptus grandis Hill ex Maiden manejadas atraves de desbastes progressivos
260 3 _aPiracicaba, SP (Brasil):
_c2001.
300 _a73 p.
500 _aSummaries (Eng, Por); Bibliography p. 62-73; 12 tables; 12 illus.
650 _aEucalipto
650 _aAbsorcao de Nutrientes
650 _aReciclagem
650 _aDesbaste
650 _aSerapilheira
650 _aVariacao Sazonal
909 _a202309
_bLucia
_c55
_dLucia Elande
942 _cBK
999 _c63667
_d63667